000 00520nam a22001937a 4500
003 KOHA_MİRAKIL
005 20240930100957.0
008 240929b2021 tu ||||| |||| 00| 0 tur d
020 _a9786257527088
040 _aTR-AnABB
_btur
_cTR-AnABB
041 _atur
082 _a813.42
_bYOR 2021
100 _aYörük, Yeşim.
245 0 _aKelimelerin efendisi /
_cYeşim Yörük.
260 _aAnkara :
_bHerdem Kitap,
_c2021.
300 _a355 sayfa ;
_c20 cm.
650 _aTürk edebiyatı, roman
942 _2ddc
_cBK
999 _c1274
_d1274